Statistics for 2020 Obituaries

Click here to take the quiz!

General Stats

  • This quiz has been taken 148 times
  • The average score is 10 of 22

Answer Stats

AgeHintPerson% Correct
90First James Bond actorSean Connery
86%
41Five-time NBA championKobe Bryant
83%
87Associate justice of the U.S. Supreme Court known for her strong liberal stancesRuth Bader Ginsburg
82%
43The Black PantherChadwick Boseman
72%
60Argentine footballer who scored the "Hand of God"Diego Maradona
65%
80Longtime "Jeopardy!" hostAlex Trebek
63%
81Country singer known for hits like "The Gambler" and "Lucille"Kenny Rogers
59%
103Another veteran of that Golden Age. Father of MichaelKirk Douglas
59%
97U.S. Air Force test pilot who broke the sound barrierChuck Yaeger
49%
81Singer who recorded "Ain't No Sunshine" and "Lean on Me"Bill Withers
45%
65Legendary guitarist of the eponymous rock bandEddie Van Halen
35%
57"Jerry Maguire" actress married to John TravoltaKelly Preston
34%
91President of Egypt for nearly 30 years, toppled by the Arab Spring in 2011Hosni Mubarak
33%
104"Gone with the Wind" actress. One of the last survivors of Hollywood's Golden AgeOlivia de Havilland
33%
80Prominent civil rights activist who became a congressmanJohn Lewis
30%
87Musician dubbed "the Architect of Rock and Roll"Little Richard
28%
89Former British intelligence officer who wrote "Tinker Tailor Soldier Spy"John le Carré
26%
33Latina "Glee" starNaya Rivera
24%
77Member of the Monty Python comedy troupeTerry Jones
24%
88Bilbo Baggins in the "Lord of the Rings" trilogyIan Holm
17%
88TV host who holds the Guinness World Record for the most hours on U.S. televisionRegis Philbin
15%
101African-American mathematician whose work became monumental to NASA's successKatherine Johnson
13%

Score Distribution

Percentile by Number Answered

Percent of People with Each Score

Your Score History

You have not taken this quiz